Políticas públicas, educación superior y atención a la discapacidad, un enfoque global para y desde América Latina.
| Main Author: | |
|---|---|
| Format: | Section = Libro |
| Language: | Undetermined Spanish |
| Published: |
México
PAVSA
2011
|
| Subjects: |
| LEADER | 00703nam a2200205Ia 4500 | ||
|---|---|---|---|
| 008 | 241007s9999||||xx |||||||||||||| ||und|| | ||
| 020 | |a 978-99924-20-44-7 | ||
| 040 | |a BIBLIOTECA-RURC/ 378.72 P769 | ||
| 041 | |a spa | ||
| 082 | |a 378.72 P769 | ||
| 100 | 1 | |a Castillo Pérez, Nydia María | |
| 245 | 1 | 0 | |a Políticas públicas, educación superior y atención a la discapacidad, un enfoque global para y desde América Latina. |
| 260 | |a México |b PAVSA |c 2011 | ||
| 300 | |a 366 p. :il. | ||
| 650 | 7 | |a POLÍTICAS PÚBLICAS | |
| 650 | 7 | |c EQUIDAD Y JUSTICIA EN LA EDUCACIÓN UNIVERSITARIA | |
| 650 | 7 | |d POLÍTICAS PUBLICAS - EDUCACION Y DISCAPACIDAD. | |
| 942 | |c BK |2 ddc | ||
| 991 | |a TEXTO | ||
| 999 | |c 14320 | ||